00326nam a22001217a 4500003000400000020001800004082001800022100002400040245005100064260001900115300003800134650003200172SGT a9789811513459 a617.522bO21B aBonanthaya, Krishna aOral & Maxillofacial Surgery for the Clinician bSpringerc2021 aVol.1 : 1-935 Vol. 2 : 936-2008 aOral & Maxilofacial Surgery